000 01232nam a22003377a 4500
003 CHAP
005 20220329140543.0
008 971013s1984 mx a r 00010 spa d
010 _a53821
011 _a54793
035 _a58945
040 _cCHAP
090 _aTesis
100 0 0 _aRuiz Valenzuela, Mateo.
_9100800
245 1 _aBiología, comportamiento y capacidad predatora de Nabis ca. nigriventris Stal. (Hemiptera : Nabidae) sobre Acyrthosiphon pisum (Harris) (Homoptera : Aphididae)
260 _aChapingo, Méx. :
_bEl autor,
_c1984
300 _a110 h.
_b; apénd. : ilus.
502 _aTesis (M. C. Esp. en Entomología) -- Colegio de Postgraduados. Centro de Entomología y Acarología
590 _aALEPH
_b10
_c20130110
_lUCH01
_h1331
590 _aBATCH-UPD
_b10
_c20130110
_lUCH01
_h0544
590 _aBATCH-UPD
_b10
_c20130110
_lUCH01
_h2332
590 _aCONVERSION
_b10
_c20130109
_lUCH01
_h1329
650 1 4 _aAcyrthosiphon pisum.
_9815
650 1 4 _aAlfalfa
_xPlagas.
_93882
650 1 4 _aNabis nigriventris.
_979988
901 _aBK
942 _cFOLL
949 _bBC
_cTES
_d-127698
_eTS1
_i58945
_si
949 _bBC
_cTES
_d-127700
_eTS2
_fc.2
_i58945
_si
949 _bBC
_cTES
_d33724000948113
_eTS2
_fc.3
_i58945
_si
999 _c53821
_d53821